| 000 | 00685nam a22001817a 4500 | ||
|---|---|---|---|
| 999 |
_c14958 _d14958 |
||
| 003 | OSt | ||
| 082 | _2631.3 AJI/DE | ||
| 088 | _aP 312 | ||
| 100 |
_aAJINAS BASHEER T _aMIDHILA LEKSHMI S _aNIDHIN J.K _93841 |
||
| 245 | _aDevelopment and testing of a manual operated coconut milk extractor | ||
| 260 |
_aTavanur 2015 _bDEPARTMENT OF FARM POWER MACHINERY AND ENERGY |
||
| 300 | _a43 | ||
| 500 | _aDevelopment and testing of a manual operated coconut milk extractor | ||
| 520 | _aDevelopment and testing of a manual operated coconut milk extractor | ||
| 700 |
_aDr. Jayan P.R (Guide) _93380 |
||
| 856 | _uhttps://drive.google.com/open?id=19jTvK6VVpukURFIsgCQRxb3FirTwRRGY | ||
| 942 | _cPR | ||